| 000 | 00535nam a2200205Ia 4500 | ||
|---|---|---|---|
| 999 |
_c8139 _d8139 |
||
| 003 | 0100 | ||
| 005 | 20180219160132.0 | ||
| 008 | 130303s9999 xx 000 0 und d | ||
| 020 | _a947009019 | ||
| 040 | _cARRUPELIB | ||
| 050 | _aDT763.6.M67 1984 | ||
| 100 |
_aMotlhabi, Mokgethi _939465 |
||
| 245 | 4 |
_aThe theory and practice of Black resistance to apartheid: _ba social-ethical analysis / |
|
| 260 |
_aJohannesburg _bSkotaville _c1984 |
||
| 300 | _a326 p. | ||
| 300 | _b 21 cm. | ||
| 440 |
_aSkotaville history series; no. 1 _939466 |
||
| 650 |
_aBlacks _xPolitics _zSouth Africa _939464 |
||
| 650 |
_aSouth Africa _xRace relations _929009 |
||
| 650 |
_aSouth Africa _xPolitics _928923 |
||
| 942 |
_2lcc _cMONOGRAPH |
||